Opatrenie Federálneho ministerstva financií č. V/1-31 388/1992, ktorým sa ustanovuje usporiadanie položiek súvahy a výkazu ziskov a strát ...

Znenie Opatrenia Federálneho ministerstva financií č. V/1-31 388/1992, ktorým sa ustanovuje usporiadanie položiek súvahy a výkazu ziskov a strát a ich obsahové vymedzenie pre podnikateľov. Prílohy k opatreniu: Základné pravidlá pre zostavenie, predkladanie súvahy a výkazu ziskov a strát a pre stanov...

Description complète

Enregistré dans:
Détails bibliographiques
Format: Chapitre de livre
Langue:slovaque
Sujets:
Tags: Ajouter un tag
Pas de tags, Soyez le premier à ajouter un tag!

MARC

LEADER 00000naa a2200000 4500
001 r033913
005 20230919084223.1
041 0 |a slo 
044 |a SK 
245 1 0 |a Opatrenie Federálneho ministerstva financií č. V/1-31 388/1992, ktorým sa ustanovuje usporiadanie položiek súvahy a výkazu ziskov a strát ... 
520 |a Znenie Opatrenia Federálneho ministerstva financií č. V/1-31 388/1992, ktorým sa ustanovuje usporiadanie položiek súvahy a výkazu ziskov a strát a ich obsahové vymedzenie pre podnikateľov. Prílohy k opatreniu: Základné pravidlá pre zostavenie, predkladanie súvahy a výkazu ziskov a strát a pre stanovenie obsahu zverejňovaných údajov súvahy a výkazu ziskov a strát. Vzory súvahy, výkazu ziskov a strát a vysvetlivky k ich vyplňovaniu. 
610 2 0 |a súvaha 
610 2 0 |a výkazy účtovné 
610 2 0 |a výkaz ziskov a strát 
610 2 0 |a opatrenia 
610 2 0 |a metodika 
610 2 0 |a FMF Praha 
610 2 0 |a 1992-1996